[Event "Augustow Golden Rook op 53rd"]
[Site "Augustow"]
[Date "2011.06.02"]
[Round "7.10"]
[White "Szmyd, Marek"]
[Black "Dulinski, Jacek"]
[Result "1-0"]
[WhiteElo "2040"]
[BlackElo "2209"]
[PlyCount "101"]
[EventDate "2011.05.29"]
[EventType "team-swiss"]
[EventRounds "9"]
[EventCountry "POL"]
[SourceTitle "EXT 2023"]
[Source "ChessBase"]
[SourceDate "2022.10.05"]
[SourceVersion "1"]
[SourceVersionDate "2022.10.05"]
[SourceQuality "1"]
[WhiteTeam "Zarow Goniec"]
[BlackTeam "Blizyn Kordian"]
[WhiteTeamCountry "POL"]
[BlackTeamCountry "POL"]

1. e4 c5 2. Nf3 Nc6 3. d4 cxd4 4. Nxd4 e6 5. Nc3 a6 6. Be3 Nf6 7. Nxc6 bxc6 8. e5 Nd5 9. Nxd5 cxd5 10. Bd3 d6 11. f4 Rb8 12. Bd4 dxe5 13. fxe5 Qc7 14. Qg4 h5 15. Qg3 g6 16. 0-0 Bc5 17. Bxc5 Qxc5+ 18. Kh1 Rg8 19. b3 Bb7 20. Rf6 Rc8 21. Raf1 Qe7 22. Rxf7 Qxf7 23. Rxf7 Kxf7 24. Qf2+ Kg7 25. Qf6+ Kh6 26. Qxe6 d4 27. Qb6 Rg7 28. Qxd4 Rf8 29. Qe3+ Kh7 30. Qe2 Kh6 31. h4 Re8 32. Qe3+ Kh7 33. Qg5 Kh8 34. Bxg6 Re6 35. Qd8+ Rg8 36. Qd7 Bxg2+ 37. Kxg2 Rexg6+ 38. Kf3 Rg3+ 39. Ke4 R3g4+ 40. Kf5 Rf8+ 41. Ke6 Rxh4 42. Qe7 Rhf4 43. Qg5 h4 44. Qh6+ Kg8 45. c4 R8f7 46. c5 Rg4 47. c6 Rh7 48. Qf6 h3 49. c7 Rgg7 50. Qf5 Rg4 51. Qf6 1-0

[Event "Augustow Golden Rook op 53rd"]
[Site "Augustow"]
[Date "2011.06.01"]
[Round "6.2"]
[White "Dulinski, Jacek"]
[Black "Sygulski, Pawel"]
[Result "1/2-1/2"]
[WhiteElo "2209"]
[BlackElo "2182"]
[PlyCount "37"]
[EventDate "2011.05.29"]
[EventType "team-swiss"]
[EventRounds "9"]
[EventCountry "POL"]
[SourceTitle "EXT 2023"]
[Source "ChessBase"]
[SourceDate "2022.10.05"]
[SourceVersion "1"]
[SourceVersionDate "2022.10.05"]
[SourceQuality "1"]
[WhiteTeam "Blizyn Kordian"]
[BlackTeam "Czarna LKSz. GCKiP 1"]
[WhiteTeamCountry "POL"]
[BlackTeamCountry "POL"]

1. c4 b6 2. Nc3 Bb7 3. d4 e6 4. Nf3 Nf6 5. Bg5 Be7 6. e3 0-0 7. Bd3 d5 8. cxd5 exd5 9. Qc2 Nbd7 10. g4 c5 11. Bxf6 Nxf6 12. g5 Ne4 13. Nxe4 dxe4 14. Bxe4 Bxe4 15. Qxe4 cxd4 16. Qxd4 Bxg5 17. Qxd8 Bxd8 18. Rc1 Bf6 19. b3 1/2-1/2

[Event "Augustow Golden Rook op 53rd"]
[Site "Augustow"]
[Date "2011.05.31"]
[Round "3.10"]
[White "Dulinski, Jacek"]
[Black "Probola, Bartosz"]
[Result "1/2-1/2"]
[WhiteElo "2209"]
[BlackElo "2081"]
[PlyCount "70"]
[EventDate "2011.05.29"]
[EventType "team-swiss"]
[EventRounds "9"]
[EventCountry "POL"]
[SourceTitle "EXT 2023"]
[Source "ChessBase"]
[SourceDate "2022.10.05"]
[SourceVersion "1"]
[SourceVersionDate "2022.10.05"]
[SourceQuality "1"]
[WhiteTeam "Blizyn Kordian"]
[BlackTeam "Tomaszow Lubelski UKS GIM Dwojka"]
[WhiteTeamCountry "POL"]
[BlackTeamCountry "POL"]

1. e4 c5 2. b4 cxb4 3. d4 e6 4. a3 bxa3 5. c3 f5 6. e5 d6 7. Nf3 Nc6 8. Bb5 Bd7 9. Bxa3 dxe5 10. Bxc6 Bxc6 11. Nxe5 Nf6 12. Bxf8 Kxf8 13. Nxc6 bxc6 14. Ra6 Qd5 15. 0-0 Kf7 16. Qa4 Rhc8 17. Rxa7+ Rxa7 18. Qxa7+ Qd7 19. Qa6 Ne4 20. f3 Nd6 21. Nd2 Nb5 22. Nc4 Qe8 23. Rb1 Kf6 24. Rxb5 cxb5 25. Nd6 Qc6 26. Qxc8 Qxd6 27. g3 b4 28. Qc4 bxc3 29. Qxc3 Qd5 30. Qe3 g5 31. h4 h6 32. Kf2 Qa2+ 33. Kg1 Qb1+ 34. Kf2 Qc2+ 35. Kg1 Qb1+ 1/2-1/2

[Event "POL-chT 58th 2nd League"]
[Site "Wisla"]
[Date "2002.??.??"]
[Round "?"]
[White "Dulinski, Jacek"]
[Black "Dudek, Adam"]
[Result "1/2-1/2"]
[WhiteElo "2230"]
[BlackElo "2348"]
[PlyCount "40"]
[EventDate "2002.08.30"]
[EventType "team-swiss"]
[EventRounds "11"]
[EventCountry "POL"]
[SourceTitle "EXT 2019"]
[Source "ChessBase"]
[SourceDate "2018.10.10"]
[SourceVersion "1"]
[SourceVersionDate "2018.10.10"]
[SourceQuality "1"]

1. c4 e5 2. Nc3 Nf6 3. g3 Be7 4. Bg2 0-0 5. Nf3 Nc6 6. e4 d6 7. 0-0 Be6 8. b3 Qd7 9. d4 Bg4 10. dxe5 Bxf3 11. Bxf3 Nxe5 12. Bg2 c6 13. f4 Ng6 14. Qd3 Qc7 15. h3 Nd7 16. Be3 Nc5 17. Qc2 Rfe8 18. Rad1 Bf6 19. Bxc5 dxc5 20. e5 Be7 1/2-1/2

[Event "POL-chT 58th 2nd League"]
[Site "Wisla"]
[Date "2002.??.??"]
[Round "?"]
[White "Dulinski, Jacek"]
[Black "Jurkiewicz, Krzysztof"]
[Result "1/2-1/2"]
[WhiteElo "2230"]
[BlackElo "2320"]
[PlyCount "40"]
[EventDate "2002.08.30"]
[EventType "team-swiss"]
[EventRounds "11"]
[EventCountry "POL"]
[SourceTitle "EXT 2019"]
[Source "ChessBase"]
[SourceDate "2018.10.10"]
[SourceVersion "1"]
[SourceVersionDate "2018.10.10"]
[SourceQuality "1"]

1. c4 Nf6 2. Nc3 g6 3. e4 d6 4. d4 Bg7 5. Be2 0-0 6. Be3 c5 7. d5 b5 8. cxb5 a6 9. a4 Qa5 10. f3 e6 11. dxe6 Bxe6 12. Qxd6 Nxe4 13. fxe4 Bxc3+ 14. Bd2 Bb4 15. Bxb4 Qxb4+ 16. Kf2 Qxb2 17. Nf3 axb5 18. Rhb1 Qc2 19. Rc1 Qxe4 20. Bxb5 c4 1/2-1/2

[Event "POL-chT 58th 2nd League"]
[Site "Wisla"]
[Date "2002.??.??"]
[Round "?"]
[White "Dulinski, Jacek"]
[Black "Liszek, Krzysztof"]
[Result "1-0"]
[WhiteElo "2230"]
[BlackElo "2053"]
[PlyCount "40"]
[EventDate "2002.08.30"]
[EventType "team-swiss"]
[EventRounds "11"]
[EventCountry "POL"]
[SourceTitle "EXT 2019"]
[Source "ChessBase"]
[SourceDate "2018.10.10"]
[SourceVersion "1"]
[SourceVersionDate "2018.10.10"]
[SourceQuality "1"]

1. e4 e6 2. d4 d5 3. exd5 exd5 4. Bf4 c6 5. c3 Nf6 6. Bd3 Bg4 7. f3 Bh5 8. h4 Bg6 9. g4 Bxd3 10. Qxd3 Bd6 11. Qe3+ Be7 12. Ne2 0-0 13. Nd2 Re8 14. Qf2 Nbd7 15. 0-0-0 Nb6 16. Qh2 Rc8 17. Ng3 Na4 18. Nf5 Qb6 19. Nb3 Qa6 20. Rhe1 Bf8 1-0

[Event "EU-chT Railways USIC 14th "]
[Site "Balatonboglar"]
[Date "1996.05.26"]
[Round "6.1"]
[White "Daels, Marc"]
[Black "Dulinski, Jacek"]
[Result "1-0"]
[WhiteElo "2305"]
[BlackElo "2230"]
[PlyCount "27"]
[EventDate "1996.05.19"]
[EventType "team-tourn"]
[EventRounds "7"]
[EventCountry "HUN"]
[SourceTitle "EXT 2004"]
[Source "ChessBase"]
[SourceDate "2003.11.25"]
[SourceVersion "1"]
[SourceVersionDate "2003.11.25"]
[SourceQuality "1"]

1. e4 c5 2. Nf3 Nc6 3. d4 cxd4 4. Nxd4 g6 5. Nc3 Bg7 6. Be3 Nf6 7. Bc4 0-0 8. Bb3 d6 9. h3 Qa5 10. 0-0 Bd7 11. Re1 Rac8 12. Qe2 Nxe4 13. Nxc6 Bxc6 14. Nxe4 1-0